| 000 | 00670nam a2200229 a 4500 | ||
|---|---|---|---|
| 001 | BRCA_6185 | ||
| 005 | 20190320205349.0 | ||
| 008 | 110711s1829----ne-a######---#000-0#dut-# | ||
| 041 | _adut | ||
| 044 | _ane | ||
| 050 | 4 |
_aBR2555 _b.B67 _c1829 |
|
| 100 | 1 |
_aBos, Michael Christian _915570 |
|
| 245 | 1 | 0 |
_aLeben und Schicksale _bevangelischen Prediger an verschiedenen Stellen in Holland, Afrika und Asien. _cMichael Christian Bos |
| 260 |
_aHolanda _bFelir Schneider _c1829 |
||
| 300 |
_a193 p. _bil. _c20 cm. |
||
| 500 | _aI47 | ||
| 650 | 1 | 4 |
_aEvangelización _915571 |
| 650 | 1 | 4 |
_aCristianismo _915572 |
| 650 | 1 | 4 |
_aReligión _915573 |
| 902 | _aGFM | ||
| 942 |
_2lcc _cB |
||
| 999 |
_c5872 _d5872 |
||